[Event "Superbet Varsavia Blitz 2026"]
[Site "Varsavia"]
[Date "09.05.2026"]
[Round "15B"]
[White "Vachier-Lagrave, Maxime"]
[Black "Gukesh, Dommaraju"]
[Result "1/2-1/2"]
[WhiteElo "2717"]
[BlackElo "2732"]
[EventDate "2026.05.08"]
[WhiteFideId "623539"]
[BlackFideId "46616543"]

1. e4 e5 2. Nf3 Nc6 3. Bb5 a6 4. Ba4 Nf6 5. O-O Be7 6. Bxc6 dxc6 7. Nc3 Bg4
8. Qe2 Qd6 9. Nd1 Qe6 10. Ne3 Bxf3 11. Qxf3 g6 12. d3 Nd7 13. a4 O-O-O 14.
Bd2 h5 15. b4 Nb6 16. Rfb1 Bg5 17. b5 axb5 18. axb5 c5 19. Ba5 Bxe3 20.
Qxe3 Nd7 21. b6 c6 22. Bc3 Qd6 23. Qh3 Kb8 24. Ra2 Rhe8 25. Rba1 Nxb6 26.
Ba5 Nd7 27. Bxd8 Rxd8 28. Ra8+ Kc7 29. Rxd8 Kxd8 30. Qf3 Ke7 31. g3 Nf8 32.
c3 Ne6 33. Qe3 Kf6 34. h4 Kg7 35. Kg2 b5 36. Ra6 b4 37. cxb4 cxb4 38. Rb6
Nd4 39. Rb7 b3 40. Qd2 Qe6 41. Qa5 Qf6 42. Kf1 Nb5 43. Kg2 Nd4 44. Kf1 Nb5
45. Kg2 Nd4 46. Kf1 Nb5 1/2-1/2

[Event "Superbet Varsavia Blitz 2026"]
[Site "Varsavia"]
[Date "09.05.2026"]
[Round "15B"]
[White "So, Wesley"]
[Black "Wojtaszek, Radoslav"]
[Result "1-0"]
[WhiteElo "2754"]
[BlackElo "2650"]
[EventDate "2026.05.08"]
[WhiteFideId "5202213"]
[BlackFideId "1118358"]

1. e4 e5 2. Nf3 Nc6 3. Bc4 Bc5 4. c3 Nf6 5. d3 a6 6. O-O d6 7. Re1 O-O 8.
Nbd2 h6 9. Nf1 Re8 10. Ng3 Ba7 11. Bd2 Na5 12. Bd5 Nxd5 13. exd5 b5 14. a4
bxa4 15. Qxa4 Nb7 16. d4 Bg4 17. Qxa6 Qc8 18. Nh4 Bb6 19. Qxa8 Qxa8 20.
Rxa8 Rxa8 21. dxe5 dxe5 22. h3 Bd7 23. Be3 Ra2 24. Bxb6 cxb6 25. b4 f6 26.
Nhf5 b5 27. h4 h5 28. Ne3 Nd6 29. Nxh5 f5 30. f4 exf4 31. Nxf4 Ne4 32. Ne6
Nxc3 33. Nc5 Bc8 34. Kf1 Rd2 35. Rc1 Nxd5 36. Ke1 Nxe3 37. Kxd2 Nxg2 38.
Ra1 Kh7 39. Ra8 1-0

[Event "Superbet Varsavia Blitz 2026"]
[Site "Varsavia"]
[Date "09.05.2026"]
[Round "15B"]
[White "Caruana, Fabiano"]
[Black "Duda, Jan-Krzysztof"]
[Result "1-0"]
[WhiteElo "2788"]
[BlackElo "2739"]
[EventDate "2026.05.08"]
[WhiteFideId "2020009"]
[BlackFideId "1170546"]

1. Nf3 d5 2. c4 e6 3. g3 Nf6 4. Bg2 dxc4 5. Ne5 Qd4 6. f4 Nbd7 7. Qa4 c6 8.
Qxc4 Qb6 9. Nc3 Be7 10. d4 O-O 11. O-O a5 12. Kh1 Qb4 13. Qd3 Rd8 14. a3
Qb6 15. Rb1 Qc7 16. Qf3 Bf8 17. e4 b5 18. Nxd7 Rxd7 19. e5 Nd5 20. Ne4 c5
21. dxc5 Bxc5 22. Bd2 Bf8 23. Rbc1 Qb6 24. f5 Bb7 25. Qg4 exf5 26. Rxf5 Qg6
27. Rg5 Qe6 28. Rf1 Qxg4 29. Rxg4 b4 30. axb4 axb4 31. h4 Re8 32. Bf4 Nxf4
33. Nf6+ Kh8 34. Bxb7 gxf6 35. Bc6 Rxe5 36. Bxd7 Nd5 37. Rd4 Bc5 38. Rd3
Kg7 39. Bc6 Ne3 40. Re1 f5 41. Bf3 Kf6 42. Rd7 Ke6 43. Rc7 Bd6 44. Rc6 Ke7
45. b3 Re6 46. Ra6 h6 47. Ra7+ Kf6 48. Bh5 Be7 49. Re2 Re5 50. Ra6+ Kg7 51.
Kh2 Re4 52. Kh3 Re5 53. Ra7 Re4 54. Bf3 Re5 55. Rb7 Kf6 56. Bh5 Kg7 57. Rd2
Kf6 58. Rf2 Kg7 59. Re2 Kf6 60. Bf3 Bc5 61. Rb5 Bd4 62. Rxb4 Bc3 63. Rb6+
Kg7 64. Rb7 Kf6 65. Bh5 Bd4 66. Rxf7+ Ke6 67. Rh7 Rc5 68. Rxh6+ Ke7 69.
Rh7+ Ke6 70. Bf7+ Kf6 71. Bc4 Ra5 72. Rd7 Bc5 73. Rf7+ Kg6 74. Rc7 Bd4 75.
Rd7 Bc5 76. Rd3 Ng4 77. Re6+ Kg7 78. Rd7+ Kf8 79. Ra6 Rxa6 80. Bxa6 Nf2+
81. Kg2 Ne4 82. Bd3 Nf6 83. Rb7 Bd6 84. Rb5 f4 85. Rf5 Ke7 86. gxf4 Ke6 87.
Kf3 Bc7 88. Rg5 1-0

[Event "Superbet Varsavia Blitz 2026"]
[Site "Varsavia"]
[Date "09.05.2026"]
[Round "15B"]
[White "Niemann, Hans Moke"]
[Black "Sindarov, Javokhir"]
[Result "1/2-1/2"]
[WhiteElo "2728"]
[BlackElo "2776"]
[EventDate "2026.05.08"]
[WhiteFideId "2093596"]
[BlackFideId "14205483"]

1. e4 c5 2. Nf3 e6 3. d4 cxd4 4. Nxd4 Nf6 5. Bd3 Nc6 6. Nxc6 dxc6 7. Nd2 e5
8. O-O Bc5 9. Nb3 Bd6 10. a4 O-O 11. Qe2 Be6 12. Bc4 Qe7 13. Rd1 h6 14.
Bxe6 Qxe6 15. f3 Nh5 16. Be3 Nf4 17. Qf1 Be7 18. Kh1 h5 19. a5 h4 20. a6 b6
21. Bxf4 exf4 22. Nd4 Qf6 23. e5 Qxe5 24. Nxc6 Qf6 25. Nxe7+ Qxe7 26. h3
Rfe8 27. Rd4 Qf6 28. Rad1 Rad8 29. Rxd8 Rxd8 30. Rxd8+ Qxd8 31. b4 Qd2 32.
Qc4 Qe1+ 33. Kh2 Qg3+ 34. Kg1 Qe1+ 35. Kh2 Qg3+ 1/2-1/2

[Event "Superbet Varsavia Blitz 2026"]
[Site "Varsavia"]
[Date "09.05.2026"]
[Round "15B"]
[White "Fedoseev, Vladimir"]
[Black "Firouzja, Alireza"]
[Result "1/2-1/2"]
[WhiteElo "2700"]
[BlackElo "2759"]
[EventDate "2026.05.08"]
[WhiteFideId "24130737"]
[BlackFideId "12573981"]

1. e4 e5 2. Nf3 Nc6 3. Bb5 a6 4. Ba4 Nf6 5. O-O Be7 6. Nc3 b5 7. Bb3 O-O 8.
a4 b4 9. Nd5 Na5 10. Ba2 Nxd5 11. Bxd5 c6 12. Ba2 d6 13. d4 exd4 14. Qxd4
c5 15. Qd3 Be6 16. Bd5 Ra7 17. Bf4 Qc8 18. Rad1 Rd8 19. b3 h6 20. h3 Rc7
21. Qe3 Nc6 22. Rd2 Bf6 23. Bxc6 Rxc6 24. Rfd1 Be7 25. Qe2 Bf8 26. Ne5 Rb6
27. Nc4 Rc6 28. Nxd6 Bxd6 29. Bxd6 c4 30. Bxb4 Rxd2 31. Rxd2 cxb3 32. cxb3
Qb8 33. Ba3 Qxb3 34. Bb2 Qxa4 35. Qd3 Qb5 36. Qg3 Qg5 37. Qxg5 hxg5 38. f3
a5 39. Rd8+ Kh7 40. Ra8 Rc2 41. Bd4 Ra2 42. Be3 Kg6 43. Ra6 a4 44. Bc5 Kh7
45. Be7 Bc4 46. Rc6 Be6 47. Ra6 Bc4 48. Ra7 Ra1+ 49. Kf2 Ra2+ 50. Kg1 Kg6
51. Bf8 Ra1+ 52. Kf2 Ra2+ 53. Kg1 Ra1+ 54. Kf2 Ra2+ 55. Kg1 1/2-1/2

[Event "Superbet Varsavia Blitz 2026"]
[Site "Varsavia"]
[Date "09.05.2026"]
[Round "16B"]
[White "Sindarov, Javokhir"]
[Black "Fedoseev, Vladimir"]
[Result "0-1"]
[WhiteElo "2776"]
[BlackElo "2700"]
[EventDate "2026.05.08"]
[WhiteFideId "14205483"]
[BlackFideId "24130737"]

1. e4 c5 2. Nc3 Nc6 3. Nf3 g6 4. d4 cxd4 5. Nxd4 Bg7 6. Be3 Nf6 7. Nxc6
dxc6 8. Qxd8+ Kxd8 9. O-O-O+ Ke8 10. f3 Nd7 11. a4 h5 12. Be2 h4 13. a5 b5
14. Na2 a6 15. Nb4 Bb7 16. Nd3 Rc8 17. b4 Bh6 18. Kd2 c5 19. c3 f5 20. e5
e6 21. f4 c4 22. Nc5 Nxc5 23. bxc5 Bxg2 24. Rhg1 h3 25. Kc1 Bf8 26. Bf1
Bxf1 27. Rdxf1 Kf7 28. Rd1 Be7 29. Rd7 Rhd8 30. Rb7 Rd3 31. Bd4 Rf3 32. Ra7
Rxf4 33. Rxa6 Rg4 34. Rd1 Rg2 35. Rb6 Rxh2 36. a6 g5 37. Kb1 g4 38. a7 Ra8
39. Rb7 g3 40. c6 g2 41. c7 Rh1 42. Rb8 Rxd1+ 43. Kb2 Rd2+ 0-1

[Event "Superbet Varsavia Blitz 2026"]
[Site "Varsavia"]
[Date "09.05.2026"]
[Round "16B"]
[White "Gukesh, Dommaraju"]
[Black "Niemann, Hans Moke"]
[Result "1-0"]
[WhiteElo "2732"]
[BlackElo "2728"]
[EventDate "2026.05.08"]
[WhiteFideId "46616543"]
[BlackFideId "2093596"]

1. Nf3 Nf6 2. c4 e6 3. Nc3 d5 4. e3 c5 5. cxd5 exd5 6. d4 Nc6 7. Bb5 cxd4
8. Nxd4 Bd7 9. O-O Bd6 10. Nf3 Ne5 11. Be2 O-O 12. Nxe5 Bxe5 13. Nxd5 Bc6
14. Nf4 a5 15. Nd3 Bc7 16. b3 Ne4 17. Bb2 Qh4 18. Ne5 Rad8 19. Qc1 Bxe5 20.
Bxe5 Nd2 21. Bg3 Qe4 22. f3 Qxe3+ 23. Rf2 Rfe8 24. Qb2 f5 25. Rd1 Kh8 26.
Bc7 Rd5 27. h3 Bb5 28. Bxb5 Nxf3+ 29. gxf3 Rxd1+ 30. Bf1 Re6 31. Kh2 f4 32.
Bxa5 h6 33. Qe2 Ra1 34. Qc2 Rc6 35. Qd2 Rd6 36. Qe2 Rdd1 37. Bg2 Rd5 38.
Bc3 Rc1 39. Bd2 Qxe2 40. Rxe2 Rc2 41. Re8+ Kh7 42. Bxf4 Rxa2 43. Kg3 Rd1
44. Be3 h5 45. h4 Rd3 46. Bh3 g6 47. Re7+ Kg8 48. Bh6 Ra6 49. Be6+ Kh8 50.
Bc4 1-0

[Event "Superbet Varsavia Blitz 2026"]
[Site "Varsavia"]
[Date "09.05.2026"]
[Round "16B"]
[White "Firouzja, Alireza"]
[Black "So, Wesley"]
[Result "1-0"]
[WhiteElo "2759"]
[BlackElo "2754"]
[EventDate "2026.05.08"]
[WhiteFideId "12573981"]
[BlackFideId "5202213"]

1. Nf3 d5 2. b3 c5 3. Bb2 f6 4. e4 dxe4 5. Nh4 Nh6 6. Nc3 Nc6 7. Nxe4 e5 8.
f4 exf4 9. Qh5+ Kd7 10. Qf3 f5 11. Qd3+ Kc7 12. Qxd8+ Kxd8 13. Ng5 Be7 14.
Nhf3 Re8 15. O-O-O Ng4 16. Re1 Nd4 17. Nxd4 Bxg5 18. Rxe8+ Kxe8 19. Nb5 Kf8
20. Be2 Bd7 21. Nd6 b6 22. Bf3 Rd8 23. h3 Nh6 24. a4 Nf7 25. Nb5 Bxb5 26.
axb5 Rd6 27. d4 Bf6 28. dxc5 bxc5 29. Ba3 Bd4 30. Re1 g5 31. c4 Rd8 32. Bd5
Nd6 33. Kc2 Re8 34. Rxe8+ Kxe8 35. b4 cxb4 36. Bxb4 Kd7 37. Kd3 Be5 38.
Bc6+ Kc7 39. c5 Nc8 40. Kc4 a6 41. Ba5+ Kb8 42. b6 g4 43. Bd5 h5 44. c6
Nxb6+ 45. Bxb6 f3 46. gxf3 gxh3 47. f4 Bxf4 48. Kb4 Bd2+ 49. Ka4 h2 50. c7+
Kc8 51. Be6+ 1-0

[Event "Superbet Varsavia Blitz 2026"]
[Site "Varsavia"]
[Date "09.05.2026"]
[Round "16B"]
[White "Duda, Jan-Krzysztof"]
[Black "Vachier-Lagrave, Maxime"]
[Result "1/2-1/2"]
[WhiteElo "2739"]
[BlackElo "2717"]
[EventDate "2026.05.08"]
[WhiteFideId "1170546"]
[BlackFideId "623539"]

1. e4 c5 2. Nf3 d6 3. d4 cxd4 4. Nxd4 Nf6 5. Nc3 a6 6. Bg5 e6 7. f4 Qb6 8.
Qd2 Qxb2 9. Rb1 Qa3 10. f5 Be7 11. fxe6 Bxe6 12. Nxe6 fxe6 13. Bc4 Nbd7 14.
Bxe6 Nc5 15. Bf5 g6 16. Bh3 Ncxe4 17. Nxe4 Nxe4 18. Qd4 Qc3+ 19. Qxc3 Nxc3
20. Bxe7 Kxe7 21. Rxb7+ Kf6 22. O-O+ Kg5 23. Rf3 Ne2+ 24. Kf2 Nd4 25. Rff7
Nxc2 26. g3 h5 27. Bg2 Raf8 28. h4+ Kh6 29. Be4 Na3 30. Bd3 d5 31. Bxa6 Nc4
32. Bxc4 dxc4 33. Rxf8 Rxf8+ 34. Ke3 Ra8 35. Rc7 Rxa2 36. Rxc4 Ra6 37. Kf3
Rf6+ 38. Rf4 Rxf4+ 39. Kxf4 Kg7 40. g4 hxg4 41. Kxg4 Kh7 42. h5 gxh5+ 43.
Kxh5 1/2-1/2

[Event "Superbet Varsavia Blitz 2026"]
[Site "Varsavia"]
[Date "09.05.2026"]
[Round "16B"]
[White "Wojtaszek, Radoslaw"]
[Black "Caruana, Fabiano"]
[Result "0-1"]
[WhiteElo "2650"]
[BlackElo "2788"]
[EventDate "2026.05.08"]
[WhiteFideId "1118358"]
[BlackFideId "2020009"]

1. c4 e5 2. Nc3 Bb4 3. Qc2 c5 4. e3 Nc6 5. Bd3 Bxc3 6. Qxc3 Nf6 7. Ne2 O-O
8. O-O d5 9. cxd5 Nxd5 10. Qxc5 Ncb4 11. Qc4 b6 12. Bb1 Ba6 13. Qg4 f5 14.
Bxf5 Rxf5 15. Qxf5 Bxe2 16. Re1 Bd3 17. Qe6+ Kh8 18. b3 Qf6 19. Qg4 e4 20.
Ba3 Nc2 21. Rac1 h6 22. Rxc2 Bxc2 23. Rc1 Bd3 24. h3 a5 25. Qd7 Rd8 26. Rc8
Rxc8 27. Qxc8+ Kh7 28. Qd7 Nb4 29. Bxb4 axb4 30. f3 Bb1 31. fxe4 Bxe4 32.
d3 Bg6 33. e4 Qa1+ 34. Kh2 Qxa2 35. Qd5 Qa5 0-1

[Event "Superbet Varsavia Blitz 2026"]
[Site "Varsavia"]
[Date "09.05.2026"]
[Round "17B"]
[White "Vachier-Lagrave, Maxime"]
[Black "Wojtaszek, Radoslaw"]
[Result "1-0"]
[WhiteElo "2717"]
[BlackElo "2650"]
[EventDate "2026.05.08"]
[WhiteFideId "623539"]
[BlackFideId "1118358"]

1. Nf3 d5 2. c4 e6 3. g3 dxc4 4. Qa4+ Bd7 5. Qxc4 c5 6. Ne5 Nc6 7. Nxd7
Qxd7 8. Bg2 Nf6 9. O-O Be7 10. Nc3 O-O 11. Qa4 Rac8 12. d3 Rfd8 13. Bf4 Nd5
14. Nxd5 exd5 15. Rfe1 Bf6 16. Rab1 h6 17. h4 b6 18. a3 Nd4 19. Qxd7 Rxd7
20. Bh3 Ne6 21. Bd2 c4 22. Rec1 Rdc7 23. dxc4 dxc4 24. Kf1 b5 25. Bc3 Bxc3
26. bxc3 a6 27. a4 Rb8 28. Bxe6 fxe6 29. Rd1 Rcb7 30. Rd6 Rb6 31. Rxb6 Rxb6
32. f4 Kf7 33. Kf2 h5 34. Kf3 Kf6 35. Ke4 Rb8 36. e3 g6 37. axb5 axb5 38.
Ra1 b4 39. cxb4 Rxb4 40. Rc1 c3+ 41. Kd3 Kf5 42. Rxc3 Kf6 43. e4 Rb7 44.
Ke3 Ra7 45. Kf3 Rb7 46. g4 hxg4+ 47. Kxg4 Kg7 48. Kg5 Rb5+ 49. e5 Rb7 50.
Rc8 Rf7 51. Rc6 Rf5+ 52. Kg4 Kf7 53. Rc7+ Kf8 54. Rh7 Rf7 55. Rh8+ Ke7 56.
Rg8 1-0

[Event "Superbet Varsavia Blitz 2026"]
[Site "Varsavia"]
[Date "09.05.2026"]
[Round "17B"]
[White "Caruana, Fabiano"]
[Black "Firouzja, Alireza"]
[Result "1/2-1/2"]
[WhiteElo "2788"]
[BlackElo "2759"]
[EventDate "2026.05.08"]
[WhiteFideId "2020009"]
[BlackFideId "12573981"]

1. Nf3 d5 2. c4 e6 3. g3 Nf6 4. Bg2 Nbd7 5. b3 b6 6. O-O Bb7 7. Bb2 Bd6 8.
d4 O-O 9. Nc3 a6 10. Nd2 Rb8 11. e4 dxe4 12. Ndxe4 Bb4 13. Qe2 Bxc3 14.
Nxc3 Bxg2 15. Kxg2 b5 16. cxb5 axb5 17. Nxb5 Nd5 18. Nc3 N7f6 19. Nxd5 Nxd5
20. Ba3 Re8 21. Bc5 Qd7 22. Qf3 f5 23. Rfe1 Nf6 24. Re5 Ng4 25. Re2 e5 26.
dxe5 Nxe5 27. Qc3 Qd5+ 28. f3 Nxf3 29. Rxe8+ Rxe8 30. Qxf3 Qxc5 31. Rf1 g6
32. Rf2 Re3 33. Qa8+ Kg7 34. Qb7 h5 35. b4 Qc4 36. b5 Re6 37. a4 Rb6 38.
Qa8 Rd6 39. Qb7 Rb6 40. Qa8 h4 41. Rd2 h3+ 42. Kxh3 Qf1+ 43. Qg2 Qc4 44.
Rd7+ Kh6 45. Qd2+ g5 46. Kg2 Re6 47. Rd3 Qxa4 48. h4 Qe4+ 49. Kf2 f4 50.
hxg5+ Kxg5 51. Qxf4+ Qxf4+ 52. gxf4+ Kxf4 53. Rc3 Rb6 54. Rxc7 Rxb5 1/2-1/2

[Event "Superbet Varsavia Blitz 2026"]
[Site "Varsavia"]
[Date "09.05.2026"]
[Round "17B"]
[White "Niemann, Hans Moke"]
[Black "Duda, Jan-Krzysztof"]
[Result "1-0"]
[WhiteElo "2728"]
[BlackElo "2739"]
[EventDate "2026.05.08"]
[WhiteFideId "2093596"]
[BlackFideId "1170546"]

1. e4 e5 2. Nf3 Nc6 3. Bc4 Bc5 4. d3 d6 5. c3 Bb6 6. O-O Qf6 7. Be3 Nge7 8.
Nbd2 h6 9. b4 g5 10. a4 g4 11. Ne1 Nd8 12. a5 Bxe3 13. fxe3 Qg5 14. Qe2 h5
15. d4 h4 16. Nd3 O-O 17. Bb3 Kg7 18. dxe5 dxe5 19. Rad1 Ng6 20. b5 Qe7 21.
Rf5 g3 22. Rdf1 c6 23. Qh5 f6 24. hxg3 hxg3 25. R1f3 Ne6 26. Rxg3 Ng5 27.
Rgxg5 fxg5 28. Rxg5 Rf6 29. Nxe5 Qe8 30. Bf7 Qh8 31. Rxg6+ Rxg6 32. Qxg6+
Kf8 33. Qd6+ Kg7 34. Qe7 Bh3 35. Be8+ 1-0

[

[Event "Superbet Varsavia Blitz 2026"]
[Site "Varsavia"]
[Date "09.05.2026"]
[Round "17B"]
[White "Gukesh, Dommaraju"]
[Black "Sindarov, Javokhir"]
[Result "0-1"]
[WhiteElo "2732"]
[BlackElo "2776"]
[EventDate "2026.05.08"]
[WhiteFideId "46616543"]
[BlackFideId "14205483"]

1. e4 e5 2. Nf3 Nc6 3. Bb5 a6 4. Ba4 d6 5. O-O Bd7 6. c3 g6 7. d4 Bg7 8.
Re1 Nf6 9. Nbd2 O-O 10. Nf1 exd4 11. cxd4 b5 12. Bc2 Bg4 13. Be3 Nd7 14.
Rc1 Bxf3 15. gxf3 Qf6 16. d5 Nce5 17. f4 Nc4 18. b3 Nxe3 19. fxe3 Rfe8 20.
Ng3 Rac8 21. Qg4 Qe7 22. Qf3 c5 23. dxc6 Rxc6 24. Bb1 Rc5 25. b4 Rc4 26.
Rxc4 bxc4 27. Bc2 d5 28. a3 a5 29. Rb1 axb4 30. axb4 Nb6 31. exd5 Qxe3+ 32.
Qxe3 Rxe3 33. d6 Rc3 34. Be4 f5 35. Bc6 Rd3 36. Bb5 Rxd6 37. Rc1 Rd4 38.
Ne2 Re4 39. Kf2 c3 40. Kf3 Rxb4 41. Bd3 Nd5 42. Rb1 Rxb1 43. Bxb1 Nb4 0-1

[Event "Superbet Varsavia Blitz 2026"]
[Site "Varsavia"]
[Date "09.05.2026"]
[Round "17B"]
[White "So, Wesley"]
[Black "Fedoseev, Vladimir"]
[Result "1/2-1/2"]
[WhiteElo "2754"]
[BlackElo "2700"]
[EventDate "2026.05.08"]
[WhiteFideId "5202213"]
[BlackFideId "24130737"]

1. e4 c5 2. Nf3 Nc6 3. d4 cxd4 4. Nxd4 Nf6 5. Nc3 g6 6. Nxc6 dxc6 7. Qxd8+
Kxd8 8. Bc4 Ke8 9. a4 e5 10. Ke2 h5 11. h4 b6 12. f3 Nd7 13. Nd1 Nc5 14. b3
Be6 15. Nb2 f5 16. Bxe6 Nxe6 17. Be3 Bd6 18. Rhd1 Ke7 19. Nc4 Bc7 20. b4
Rhf8 21. b5 cxb5 22. axb5 fxe4 23. fxe4 Nf4+ 24. Bxf4 Rxf4 25. Ne3 Rxe4 26.
Kf3 Rf4+ 27. Ke2 Ke6 28. g3 Rb4 29. Nd5 Rc4 30. Ne3 Rc5 31. c4 e4 32. Rd4
Bxg3 33. Rg1 Ke5 34. Rd7 Bxh4 35. Rxg6 Rf8 36. Rg2 Rf3 37. Rxa7 Bg3 38.
Re7+ Kd4 39. Nc2+ Kc3 40. Rxe4 Rd3 41. Re3 Rxe3+ 42. Nxe3 Be5 43. Nd5+ Kxc4
44. Nxb6+ Kd4 45. Nd7 Rc2+ 46. Kf1 Rc1+ 47. Ke2 Bf4 48. b6 Rc3 49. b7 Rb3
50. b8=Q Bxb8 51. Nxb8 Rxb8 52. Kf3 Rf8+ 53. Kg3 Rg8+ 54. Kh3 Rxg2 55. Kxg2
Ke5 1/2-1/2

[Event "Superbet Varsavia Blitz 2026"]
[Site "Varsavia"]
[Date "09.05.2026"]
[Round "18B"]
[White "Duda, Jan-Krzysztof"]
[Black "Gukesh, Dommaraju"]
[Result "0-1"]
[WhiteElo "2739"]
[BlackElo "2732"]
[EventDate "2026.05.08"]
[WhiteFideId "1170546"]
[BlackFideId "46616543"]

1. b3 e5 2. Bb2 Nc6 3. e3 Nf6 4. Bb5 Bd6 5. Ne2 O-O 6. O-O Ne7 7. f4 Ng6 8.
fxe5 Bxe5 9. Bxe5 Nxe5 10. Ng3 d5 11. Nc3 d4 12. exd4 Qxd4+ 13. Kh1 c6 14.
Be2 Rd8 15. Qe1 Bg4 16. Rd1 Re8 17. h3 Be6 18. Rxf6 gxf6 19. Nce4 Kh8 20.
c3 Qd8 21. d4 Ng6 22. Qf2 f5 23. Nxf5 Bxf5 24. Qxf5 Qe7 25. Bd3 Qh4 26. Rf1
Re7 27. Ng5 Rae8 28. Bc4 Rf8 29. Qf6+ Kg8 30. Kh2 b5 31. Bd3 Re3 32. Bxg6
hxg6 33. Kh1 Re1 34. Rxe1 Qxe1+ 35. Kh2 Qxc3 36. Ne4 Qe3 37. Qe5 Qh6 38.
Nf6+ Kh8 39. Nd7+ f6 40. Qd6 Rf7 41. Nxf6 Qf8 42. Qxf8+ Rxf8 43. Nd7 Rd8
44. Ne5 Rxd4 45. Nxc6 Rd7 46. Kg3 Kg7 47. Kf4 Kf6 48. h4 a6 49. g4 Rd6 50.
Na5 Rd4+ 51. Kf3 Rd2 52. a3 Ra2 53. Ke4 Rxa3 54. g5+ Kg7 55. b4 Ra4 56. Nc6
a5 57. Kd5 axb4 58. Nd4 b3 59. Nxb3 Rxh4 60. Nd4 b4 61. Nb3 Kf7 62. Nc5 Rg4
63. Nd3 b3 64. Ne5+ Kg7 0-1

[Event "Superbet Varsavia Blitz 2026"]
[Site "Varsavia"]
[Date "09.05.2026"]
[Round "18B"]
[White "Sindarov, Javokhir"]
[Black "So, Wesley"]
[Result "0-1"]
[WhiteElo "2776"]
[BlackElo "2754"]
[EventDate "2026.05.08"]
[WhiteFideId "14205483"]
[BlackFideId "5202213"]

1. e4 c5 2. Nf3 d6 3. d4 cxd4 4. Nxd4 Nf6 5. Bd3 Nc6 6. Be3 g6 7. h3 Bg7 8.
c4 Nd7 9. Be2 O-O 10. Nc3 Nc5 11. O-O a5 12. Ndb5 a4 13. Qd2 Be6 14. f3 Qa5
15. Rab1 Qb4 16. Rfc1 Rfc8 17. Nd5 Qxd2 18. Bxd2 Bxd5 19. cxd5 Nd4 20. Kf1
f5 21. exf5 Nxf5 22. Bc4 h5 23. g4 Nh4 24. Ke2 Rf8 25. Rf1 Ng2 26. Bg5 Nf4+
27. Kd2 Rf7 28. Rbe1 Kf8 29. h4 Bxb2 30. Nc3 Rc8 31. Ne4 Nh3 32. Bh6+ Bg7
33. Bxg7+ Kxg7 34. Bb5 Nxe4+ 35. Rxe4 Rc5 36. Be8 Rxd5+ 37. Ke3 Rf6 38. g5
Rff5 39. Rxe7+ Kf8 40. Re4 Nf4 41. Rxf4 Rxf4 42. Kxf4 Kxe8 43. Rb1 b5 44.
Ke4 Re5+ 45. Kd4 Rf5 46. Ke4 Re5+ 47. Kd4 Kd7 48. f4 Rf5 49. Ke4 Rc5 50.
Kf3 Kc6 51. Re1 b4 52. Re4 b3 53. axb3 axb3 54. Re2 Kb5 55. Ke4 Kb4 56. Kd4
Rb5 57. Rb2 Ka3 58. Rb1 Ka2 0-1

[Event "Superbet Varsavia Blitz 2026"]
[Site "Varsavia"]
[Date "09.05.2026"]
[Round "18B"]
[White "Fedoseev, Vladimir"]
[Black "Caruana, Fabiano"]
[Result "0-1"]
[WhiteElo "2700"]
[BlackElo "2788"]
[EventDate "2026.05.08"]
[WhiteFideId "24130737"]
[BlackFideId "2020009"]

1. e4 c5 2. Nf3 d6 3. Bb5+ Bd7 4. a4 Nf6 5. Nc3 Nc6 6. O-O g6 7. Re1 Bg7 8.
Bxc6 Bxc6 9. d4 cxd4 10. Nxd4 O-O 11. Bg5 h6 12. Bh4 Rc8 13. a5 a6 14. Qd3
Bd7 15. Nd5 Nxd5 16. exd5 g5 17. Bg3 Rc5 18. Nb3 Bb5 19. Qd1 Rc4 20. c3 Ba4
21. Ra3 Qd7 22. Qe2 Bxb3 23. Rxb3 Ra4 24. h3 Bf6 25. Qd3 Rc8 26. Re4 Rxa5
27. Reb4 b5 28. h4 Ra1+ 29. Kh2 Kg7 30. Re4 Qf5 31. f3 Rc5 32. hxg5 hxg5
33. Rd4 Qxd3 34. Rxd3 Rc8 35. Kh3 Rh8+ 36. Kg4 Ra4+ 37. Rb4 Rxb4+ 38. cxb4
Kg6 39. f4 gxf4 40. Bxf4 Rc8 41. Ra3 Rc4 42. b3 Rxb4 43. Kf3 Rd4 44. Rxa6
Rxd5 45. Ke2 Bg5 46. Bxg5 Kxg5 47. Ra7 f5 48. Ke3 e5 49. Rg7+ Kf6 50. Rb7
f4+ 51. Ke2 e4 52. b4 Ke6 0-1

[Event "Superbet Varsavia Blitz 2026"]
[Site "Varsavia"]
[Date "09.05.2026"]
[Round "18B"]
[White "Firouzja, Alireza"]
[Black "Vachier-Lagrave, Maxime"]
[Result "1-0"]
[WhiteElo "2759"]
[BlackElo "2717"]
[EventDate "2026.05.08"]
[WhiteFideId "12573981"]
[BlackFideId "623539"]

1. Nf3 Nf6 2. c4 c5 3. Nc3 Nc6 4. d4 cxd4 5. Nxd4 e6 6. g3 Qb6 7. Nb3 Ne5
8. e4 Bb4 9. Qe2 d6 10. Bd2 a5 11. O-O-O a4 12. Na1 Bc5 13. f3 Nc6 14. Nc2
e5 15. g4 Be6 16. h4 O-O 17. h5 Nd4 18. Nxd4 exd4 19. Nd5 Bxd5 20. exd5
Rfe8 21. Qd3 Nd7 22. Qf5 Qd8 23. Bd3 Nf8 24. Rhe1 Qh4 25. Rh1 Qd8 26. Rde1
Rxe1+ 27. Rxe1 Qh4 28. Kc2 Bb6 29. Re2 Qh1 30. Re7 f6 31. h6 Qh4 32. Rxg7+
1-0

[Event "Superbet Varsavia Blitz 2026"]
[Site "Varsavia"]
[Date "09.05.2026"]
[Round "18B"]
[White "Wojtaszek, Radoslaw"]
[Black "Niemann, Hans Moke"]
[Result "0-1"]
[WhiteElo "2650"]
[BlackElo "2728"]
[EventDate "2026.05.08"]
[WhiteFideId "1118358"]
[BlackFideId "2093596"]

1. d4 Nf6 2. c4 e6 3. Nf3 d5 4. cxd5 exd5 5. Nc3 Bb4 6. Qa4+ Nc6 7. Bg5 h6
8. Bxf6 Qxf6 9. e3 O-O 10. Be2 Rd8 11. O-O Bf8 12. h3 Ne7 13. b4 c6 14. Qb3
Ng6 15. b5 Bd6 16. Rfc1 Be6 17. bxc6 bxc6 18. Rab1 Nh4 19. Qd1 Rab8 20.
Nxh4 Qxh4 21. Bf1 Qg5 22. Kh1 Qf6 23. Kg1 Qg5 24. Kh1 Bd7 25. Rxb8 Rxb8 26.
Na4 Qf6 27. Kg1 Qg5 28. Kh1 h5 29. Nc5 Bf5 30. Nd3 Rb6 31. Rb1 h4 32. a4
Qd8 33. Rxb6 Qxb6 34. Be2 Qa5 35. Kg1 Qc3 36. Kf1 g6 37. Qb1 Kg7 38. Qc1
Qb3 39. Nc5 Bxc5 40. dxc5 Qxa4 41. Qb2+ Kg8 42. f4 Qe4 43. Kf2 a5 44. Qb8+
Kg7 45. Qb2+ d4 46. exd4 Qxf4+ 47. Bf3 Kh7 48. d5 cxd5 49. c6 d4 50. Qb3
Be6 51. Qa3 Qd2+ 52. Kg1 d3 53. Kh1 Qe1+ 54. Kh2 d2 55. Qe7 Qe5+ 56. Kg1
Qd4+ 57. Kh2 d1=Q 58. Bxd1 Qxd1 59. Qxh4+ Kg7 0-1